| 000 | 01193cad a22002175a 4500 | ||
|---|---|---|---|
| 001 | E151176 | ||
| 008 | 101006e20101005xxk 000 0 eng d | ||
| 035 | _a(Sirsi) u151176 | ||
| 041 | 0 | _aeng | |
| 110 | 2 |
_aScotland _bScottish Government _95344 |
|
| 245 | 0 | 0 |
_aPrivate rented housing _h[electronic resource] |
| 260 | _c2010 | ||
| 490 |
_aScottish Government News Release _v5 October 2010 |
||
| 520 | _aAnnounces The Private Rented Housing (Scotland) Bill which is aimed at improving the law on registration of private landlords and which gives councils greater powers to deal with bad landlords. Landlords will also be required to provide information on tenants' rights and responsibilities, and penalties will be increased, with the maximum fine increasing from £5 000 to £50 000. Courts will also be given power to ban convicted landlords for up to five years. | ||
| 590 | _aKA | ||
| 650 | 2 | 4 | _aPRIVATE RENTED HOUSING (SCOTLAND) BILL 2010 |
| 651 | 4 |
_aScotland _y1999- |
|
| 690 | _aPROPERTY-RESIDENTIAL PROPERTY-DOMESTIC RESIDENTIAL PROPERTY-HOUSING | ||
| 856 | 4 | 0 |
_uhttps://www.scotland.gov.uk/News/Releases/2010/07/05095855 _zView the news release at www.scotland.gov.uk |
| 942 | _n0 | ||
| 999 |
_c82723 _d82723 |
||